[Event "The Maroczy Bind"]
[Site "SchemingMind.com"]
[Date "2006.08.05"]
[Round "-"]
[White "Tere"]
[Black "Louis Lima"]
[Result "1-0"]
[WhiteCountry "VEN"]
[BlackCountry "ESP"]
[WhiteElo "1598"]
[WhiteRD "102"]
[BlackElo "1657"]
[BlackRD "49"]
[GameID "62337"]

1. e4 c5 2. Nf3 g6 3. d4 cxd4 4. Nxd4 Nc6 5. c4 Nf6 6. Nc3 d6 7. Be2 Nxd4 8. Qxd4 Bg7 9. Qd1 Be6 10. O-O Rc8
11. Be3
1-0

[Event "The Maroczy Bind"]
[Site "SchemingMind.com"]
[Date "2006.08.04"]
[Round "-"]
[White "Louis Lima"]
[Black "Tere"]
[Result "1-0"]
[WhiteCountry "ESP"]
[BlackCountry "VEN"]
[WhiteElo "1682"]
[WhiteRD "55"]
[BlackElo "1551"]
[BlackRD "97"]
[GameID "62338"]

1. e4 c5 2. Nf3 g6 3. d4 cxd4 4. Nxd4 Nc6 5. c4 Bg7 6. Be3 Nh6 7. Qd2 d6 8. Nxc6 bxc6 9. Bxh6 O-O 10. Bxg7 Kxg7
11. Be2 f5 12. Nc3 fxe4 13. Nxe4 Qb6 14. O-O
1-0

[Event "The Maroczy Bind"]
[Site "SchemingMind.com"]
[Date "2006.08.09"]
[Round "-"]
[White "Ilang"]
[Black "Louis Lima"]
[Result "1-0"]
[WhiteCountry "HUN"]
[BlackCountry "ESP"]
[WhiteElo "2145"]
[WhiteRD "78"]
[BlackElo "1703"]
[BlackRD "61"]
[GameID "62824"]

1. e4 c5 2. Nf3 g6 3. d4 cxd4 4. Nxd4 Nc6 5. c4 Nf6 6. Nc3 d6 7. Nc2 Bg7 8. Be2 Be6 9. O-O O-O 10. Bg5 Na5
11. Ne3 Rc8 12. b3 Nd7 13. Ned5 Bxd5 14. Nxd5 Bxa1 15. Nxe7+ Kg7 16. Nf5+
1-0

[Event "The Maroczy Bind"]
[Site "SchemingMind.com"]
[Date "2006.08.11"]
[Round "-"]
[White "Ilang"]
[Black "Tere"]
[Result "1-0"]
[WhiteCountry "HUN"]
[BlackCountry "VEN"]
[WhiteElo "2168"]
[WhiteRD "76"]
[BlackElo "1551"]
[BlackRD "97"]
[GameID "62825"]

1. e4 c5 2. Nf3 g6 3. d4 cxd4 4. Nxd4 Nc6 5. c4 Bg7 6. Be3 Nf6 7. Nc3 d6 8. Be2 O-O 9. O-O Qa5 10. Nb3 Qc7
11. f3 Ne5 12. Nd5 Qc6 13. Nxe7+
1-0

[Event "The Maroczy Bind"]
[Site "SchemingMind.com"]
[Date "2006.08.08"]
[Round "-"]
[White "Louis Lima"]
[Black "Ilang"]
[Result "0-1"]
[WhiteCountry "ESP"]
[BlackCountry "HUN"]
[WhiteElo "1657"]
[WhiteRD "49"]
[BlackElo "2163"]
[BlackRD "75"]
[GameID "62826"]

1. e4 c5 2. Nf3 g6 3. d4 cxd4 4. Nxd4 Nc6 5. c4 Bg7 6. Be3 Nf6 7. Nc3 O-O 8. Be2 b6 9. f3 Bb7 10. Qd2 Nxd4
11. Bxd4 d6 12. O-O Rc8 13. Rac1 Qd7 14. b3 Bc6 15. Be3 Rfe8 16. Rfd1 Qb7 17. a3 Bd7 18. Kf2 Be6 19. Bd3 Nd7 20. f4 Nc5
21. Bc2 Bxc3
0-1

[Event "The Maroczy Bind"]
[Site "SchemingMind.com"]
[Date "2006.08.08"]
[Round "-"]
[White "Tere"]
[Black "Ilang"]
[Result "0-1"]
[WhiteCountry "VEN"]
[BlackCountry "HUN"]
[WhiteElo "1551"]
[WhiteRD "97"]
[BlackElo "2168"]
[BlackRD "76"]
[GameID "62827"]

1. e4 c5 2. Nf3 g6 3. d4 cxd4 4. Nxd4 Nc6 5. c4 Bg7 6. Be3 Nf6 7. Nc3 d6 8. Be2 O-O 9. Qd2 Nxd4 10. Bxd4 Qa5
11. a3 Nxe4 12. Qd3 Nc5 13. Bxc5 Qxc5 14. O-O Bf5
0-1

[Event "The Maroczy Bind"]
[Site "SchemingMind.com"]
[Date "2006.08.18"]
[Round "-"]
[White "griffimv"]
[Black "Ilang"]
[Result "1/2-1/2"]
[WhiteCountry "INT"]
[BlackCountry "HUN"]
[WhiteElo "2171"]
[WhiteRD "77"]
[BlackElo "2145"]
[BlackRD "78"]
[GameID "64170"]

1. e4 c5 2. Nf3 g6 3. d4 cxd4 4. Nxd4 Nc6 5. c4 Bg7 6. Be3 Nf6 7. Nc3 d6 8. Be2 O-O 9. O-O Bd7 10. Qd2 Nxd4
11. Bxd4 Bc6 12. f3 Nd7 13. Be3 Nc5 14. Rab1 a5 15. b3 e6= 16. Rbd1 Be5 17. Nb5=
1/2-1/2

[Event "The Maroczy Bind"]
[Site "SchemingMind.com"]
[Date "2006.08.18"]
[Round "-"]
[White "griffimv"]
[Black "Louis Lima"]
[Result "1-0"]
[WhiteCountry "INT"]
[BlackCountry "ESP"]
[WhiteElo "2225"]
[WhiteRD "78"]
[BlackElo "1657"]
[BlackRD "49"]
[GameID "64171"]

1. e4 c5 2. Nf3 g6 3. d4 cxd4 4. Nxd4 Nc6 5. c4 Nf6 6. Nc3 d6 7. Be2 Bg7 8. Be3 O-O 9. O-O Nxd4 10. Bxd4 Be6
11. Qc2 Rc8 12. b3 a6 13. f4 Qa5 14. f5
1-0

[Event "The Maroczy Bind"]
[Site "SchemingMind.com"]
[Date "2006.08.18"]
[Round "-"]
[White "Ilang"]
[Black "griffimv"]
[Result "1/2-1/2"]
[WhiteCountry "HUN"]
[BlackCountry "INT"]
[WhiteElo "2145"]
[WhiteRD "78"]
[BlackElo "2171"]
[BlackRD "77"]
[GameID "64173"]

1. e4 c5 2. Nf3 g6 3. d4 cxd4 4. Nxd4 Nc6 5. c4 Nf6 6. Nc3 d6 7. Be2 Nxd4 8. Qxd4 Bg7 9. Bg5 O-O 10. Qd2 Be6
11. Rc1 a6 12. b3 Qa5 13. Bf3 Rfc8 14. Nd5 Qxd2+ 15. Kxd2 Nxd5 16. exd5 Bf5 17. Rhe1 f6 18. Be3 Kf7=
1/2-1/2

[Event "The Maroczy Bind"]
[Site "SchemingMind.com"]
[Date "2006.08.18"]
[Round "-"]
[White "Louis Lima"]
[Black "griffimv"]
[Result "0-1"]
[WhiteCountry "ESP"]
[BlackCountry "INT"]
[WhiteElo "1657"]
[WhiteRD "49"]
[BlackElo "2225"]
[BlackRD "78"]
[GameID "64174"]

1. e4 c5 2. Nf3 g6 3. d4 cxd4 4. Nxd4 Nc6 5. c4 Nf6 6. Nc3 d6 7. Be2 Nxd4 8. Qxd4 Bg7 9. Qd1 O-O 10. O-O Be6
11. Qc2 Rc8 12. b3 Nxe4 13. Bb2 Nxc3 14. Bxc3 Bxc3 15. Qxc3 d5 16. Rfd1 Qb6 17. Rd4 dxc4
0-1

[Event "The Maroczy Bind"]
[Site "SchemingMind.com"]
[Date "2006.08.18"]
[Round "-"]
[White "Tere"]
[Black "griffimv"]
[Result "0-1"]
[WhiteCountry "VEN"]
[BlackCountry "INT"]
[WhiteElo "1551"]
[WhiteRD "97"]
[BlackElo "2246"]
[BlackRD "81"]
[GameID "64175"]

1. e4 c5 2. Nf3 g6 3. d4 cxd4 4. Nxd4 Nc6 5. c4 Nf6 6. Nc3 d6 7. Bg5 Bg7 8. Be2 Qa5 9. Nf3 Nxe4 10. Bd2 Nxd2
11. Qxd2 Be6
0-1

[Event "The Maroczy Bind"]
[Site "SchemingMind.com"]
[Date "2006.08.20"]
[Round "-"]
[White "KaliYuga"]
[Black "Ilang"]
[Result "0-1"]
[WhiteCountry "IRL"]
[BlackCountry "HUN"]
[WhiteElo "1925"]
[WhiteRD "65"]
[BlackElo "2218"]
[BlackRD "73"]
[GameID "64438"]

1. e4 c5 2. Nf3 g6 3. d4 cxd4 4. Nxd4 Nc6 5. c4 Nf6 6. Nc3 d6 7. Be3 Ng4 8. Nxc6 bxc6 9. Bd2 Qb6 10. Qe2 Qxb2
11. Rb1 Qa3 12. f3 Ne5 13. Rb3 Qa5 14. Nd5 Qxa2 15. Nc7+ Kd8 16. Nxa8 Qxb3 17. Ba5+ Ke8 18. Nc7+ Kd7 19. Qd2 Qa4 20. c5 Bh6
21. Qc3 Be3 22. cxd6 exd6 23. Na6 Bxa6 24. Bxa6 Bd4 25. Qb4 Qxb4+ 26. Bxb4 Rb8
0-1

[Event "The Maroczy Bind"]
[Site "SchemingMind.com"]
[Date "2006.08.21"]
[Round "-"]
[White "KaliYuga"]
[Black "griffimv"]
[Result "0-1"]
[WhiteCountry "IRL"]
[BlackCountry "INT"]
[WhiteElo "1929"]
[WhiteRD "69"]
[BlackElo "2299"]
[BlackRD "74"]
[GameID "64441"]

1. e4 c5 2. Nf3 g6 3. d4 cxd4 4. Nxd4 Nc6 5. c4 Nf6 6. Nc3 d6 7. Be3 Bg7 8. Be2 O-O 9. O-O Bd7 10. Qd2 Nxd4
11. Bxd4 Bc6 12. f3 a5 13. a4 Nd7 14. Bxg7 Kxg7 15. Qd4+ f6 16. Nd5 Nc5 17. Bd1 e5 18. Qd2 Bxd5 19. cxd5 f5 20. Bc2 fxe4
21. fxe4 Qb6 22. Qe3 Qxb2 23. Qe2 Nb3 24. Rab1 Nd4
0-1

[Event "The Maroczy Bind"]
[Site "SchemingMind.com"]
[Date "2006.08.21"]
[Round "-"]
[White "Ilang"]
[Black "KaliYuga"]
[Result "1-0"]
[WhiteCountry "HUN"]
[BlackCountry "IRL"]
[WhiteElo "2168"]
[WhiteRD "76"]
[BlackElo "1939"]
[BlackRD "66"]
[GameID "64442"]

1. e4 c5 2. Nf3 g6 3. d4 cxd4 4. Nxd4 Nc6 5. c4 Bg7 6. Be3 Nf6 7. Nc3 Ng4 8. Qxg4 Nxd4 9. Qd1 Ne6 10. Rc1 d6
11. Be2 Qa5 12. Qd2 Bd7 13. O-O a6 14. Rfd1 Rc8 15. Nd5 O-O 16. Nxe7+
1-0

[Event "The Maroczy Bind"]
[Site "SchemingMind.com"]
[Date "2006.08.21"]
[Round "-"]
[White "Louis Lima"]
[Black "KaliYuga"]
[Result "0-1"]
[WhiteCountry "ESP"]
[BlackCountry "IRL"]
[WhiteElo "1657"]
[WhiteRD "49"]
[BlackElo "1929"]
[BlackRD "65"]
[GameID "64443"]

1. e4 c5 2. Nf3 g6 3. d4 cxd4 4. Nxd4 Nc6 5. c4 Bg7 6. Be3 Nf6 7. Nc3 Ng4 8. Nxc6 Nxe3 9. Nxd8= Nxd1 10. Rxd1 Kxd8
0-1

[Event "The Maroczy Bind"]
[Site "SchemingMind.com"]
[Date "2006.08.21"]
[Round "-"]
[White "Tere"]
[Black "KaliYuga"]
[Result "0-1"]
[WhiteCountry "VEN"]
[BlackCountry "IRL"]
[WhiteElo "1540"]
[WhiteRD "104"]
[BlackElo "1933"]
[BlackRD "70"]
[GameID "64444"]

1. e4 c5 2. Nf3 g6 3. d4 cxd4 4. Nxd4 Nc6 5. c4 Bg7 6. Be3 Nf6 7. Nc3 Ng4 8. Qxg4 Nxd4 9. Bxd4 Bxd4 10. Bd3 d5
11. Qf3 dxe4
0-1

[Event "The Maroczy Bind"]
[Site "SchemingMind.com"]
[Date "2006.08.21"]
[Round "-"]
[White "griffimv"]
[Black "KaliYuga"]
[Result "1-0"]
[WhiteCountry "INT"]
[BlackCountry "IRL"]
[WhiteElo "2265"]
[WhiteRD "73"]
[BlackElo "1936"]
[BlackRD "68"]
[GameID "64445"]

1. e4 c5 2. Nf3 g6 3. d4 cxd4 4. Nxd4 Nc6 5. c4 Bg7 6. Be3 Nf6 7. Nc3 Ng4 8. Qxg4 Nxd4 9. Qd1 Ne6 10. Rc1 Qa5
11. Qd2 d6 12. Be2 Bd7 13. O-O a6 14. f3 Rc8 15. Rc2 O-O 16. Nd5 Qd8 17. Nb6 Rc6 18. c5 Bc8 19. cxd6 Rxc2 20. Qxc2 Nd4
21. dxe7 Nxc2 22. exd8=Q Rxd8 23. Bc5 Bxb2 24. Rd1 Rxd1+ 25. Bxd1 Na3 26. Nxc8
1-0

[Event "The Maroczy Bind"]
[Site "SchemingMind.com"]
[Date "2006.08.26"]
[Round "-"]
[White "mikhailtal"]
[Black "Ilang"]
[Result "0-1"]
[WhiteCountry "ENG"]
[BlackCountry "HUN"]
[WhiteElo "1752"]
[WhiteRD "67"]
[BlackElo "2163"]
[BlackRD "75"]
[GameID "65162"]

1. e4 c5 2. Nf3 g6 3. d4 cxd4 4. Nxd4 Nc6 5. c4 Nf6 6. Nc3 d6 7. Be3 Bg7 8. Be2 O-O 9. O-O Bd7 10. Qd2 Nxd4
11. Bxd4 Bc6 12. Bd3 Rc8 13. b3 Nd7 14. Bxg7 Kxg7 15. f4 Qb6+ 16. Kh1 Qd4 17. Ne2 Qb6 18. Rad1 Nf6 19. Ng3 Kg8 20. Bb1 Qc5
21. Rf3 a6 22. f5 Qe5 23. fxg6 fxg6 24. Qe2 h5 25. h4 Bd7 26. Rxf6 Qxf6 27. e5 Qxh4+
0-1

[Event "The Maroczy Bind"]
[Site "SchemingMind.com"]
[Date "2006.08.29"]
[Round "-"]
[White "mikhailtal"]
[Black "KaliYuga"]
[Result "1/2-1/2"]
[WhiteCountry "ENG"]
[BlackCountry "IRL"]
[WhiteElo "1763"]
[WhiteRD "73"]
[BlackElo "1929"]
[BlackRD "69"]
[GameID "65163"]

1. e4 c5 2. Nf3 g6 3. d4 cxd4 4. Nxd4 Nc6 5. c4 Bg7 6. Be3 Nf6 7. Nc3 Ng4 8. Qxg4 Nxd4 9. Qd1 Ne6 10. Qd2 d6
11. Be2 O-O 12. O-O Qa5 13. Rfc1 Bd7 14. Rc2 a6 15. Nd5 Qxd2 16. Nxe7+ Kh8 17. Rxd2 Rfe8 18. Nd5 Nc5 19. Bxc5 dxc5 20. Nc7 Bc6
21. Nxa8 Rxa8 22. Bf3 Bd4 23. Kf1 Re8 24. Re1 Kg7 25. Ree2 b5 26. b3 bxc4 27. bxc4 Rb8 28. g3 Bd7 29. Kg2 Rb4 30. e5 Rxc4
31. Bd5 Rb4 32. Rc2 Bf5 33. Rc1 Bd3 34. Rd2 c4 35. f4 Be3 36. Rxd3 cxd3 37. Rd1 Rd4 38. Bb3 g5 39. f5 g4 40. e6 fxe6
41. fxe6 d2 42. Kf1 Bg5 43. Ke2=
1/2-1/2

[Event "The Maroczy Bind"]
[Site "SchemingMind.com"]
[Date "2006.08.25"]
[Round "-"]
[White "mikhailtal"]
[Black "Louis Lima"]
[Result "0-1"]
[WhiteCountry "ENG"]
[BlackCountry "ESP"]
[WhiteElo "1752"]
[WhiteRD "67"]
[BlackElo "1657"]
[BlackRD "49"]
[GameID "65164"]

1. e4 c5 2. Nf3 g6 3. d4 cxd4 4. Nxd4 Nc6 5. c4 Bg7 6. Be3 Nf6 7. Nc3 Ng4 8. Qxg4 Nxd4 9. Qd1 Nc6 10. Qd2 Qa5
11. Rc1 d6 12. Be2 O-O 13. O-O Be6 14. f4 f5 15. exf5 Qxf5 16. Nd5 Rac8 17. b4 Bxd5 18. cxd5 Nb8 19. Bxa7 Nd7 20. Rxc8 Rxc8
21. Rc1 Rxc1+ 22. Qxc1 Qe4 23. Qd2 b6 24. g3 Bd4+
0-1

[Event "The Maroczy Bind"]
[Site "SchemingMind.com"]
[Date "2006.08.25"]
[Round "-"]
[White "mikhailtal"]
[Black "griffimv"]
[Result "0-1"]
[WhiteCountry "ENG"]
[BlackCountry "INT"]
[WhiteElo "1742"]
[WhiteRD "71"]
[BlackElo "2265"]
[BlackRD "73"]
[GameID "65166"]

1. e4 c5 2. Nf3 g6 3. d4 cxd4 4. Nxd4 Nc6 5. c4 Bg7 6. Be3 Nf6 7. Nc3 O-O 8. Be2 d6 9. O-O Bd7 10. Qd2 Nxd4
11. Bxd4 Bc6 12. Bf3 a5 13. Rfd1 Nd7 14. Rac1 Re8 15. Nb5 Ne5 16. Be2 Nd7 17. Qe3 Bxb5 18. cxb5 Bxd4 19. Qxd4 Rc8 20. f4 Rc5
21. Rxc5 Nxc5 22. e5 Qc7 23. exd6 exd6 24. Bf3 Re6 25. g4 Qe7 26. Kg2 Re2+ 27. Bxe2 Qxe2+ 28. Kg1 Ne6 29. Qxd6 Nxf4 30. Qd8+= Kg7
31. Qd4+ f6 32. Qd7+ Kh6 33. Qd2 Qxg4+ 34. Kh1 Qf3+ 35. Kg1 g5 36. h4 Ne2+
0-1

[Event "The Maroczy Bind"]
[Site "SchemingMind.com"]
[Date "2006.08.25"]
[Round "-"]
[White "Ilang"]
[Black "mikhailtal"]
[Result "1-0"]
[WhiteCountry "HUN"]
[BlackCountry "ENG"]
[WhiteElo "2163"]
[WhiteRD "75"]
[BlackElo "1752"]
[BlackRD "67"]
[GameID "65167"]

1. e4 c5 2. Nf3 g6 3. d4 cxd4 4. Nxd4 Nc6 5. c4 d6 6. Nc3 Bg7 7. Be3 Nf6 8. Be2 O-O 9. O-O Be6 10. Nxe6 fxe6
11. f4 Qd7 12. c5 d5 13. e5 Ne8 14. Qe1 Nc7 15. Qh4 Rf7 16. Rad1 Raf8 17. Ne4 h6 18. Qg3 Kh7 19. Nc3 Rg8 20. Bd3 Bh8
21. Qh4 Qe8 22. f5 g5 23. fxe6+
1-0

[Event "The Maroczy Bind"]
[Site "SchemingMind.com"]
[Date "2006.08.25"]
[Round "-"]
[White "KaliYuga"]
[Black "mikhailtal"]
[Result "1-0"]
[WhiteCountry "IRL"]
[BlackCountry "ENG"]
[WhiteElo "1936"]
[WhiteRD "68"]
[BlackElo "1742"]
[BlackRD "71"]
[GameID "65168"]

1. e4 c5 2. Nf3 g6 3. d4 cxd4 4. Nxd4 Nc6 5. c4 d6 6. Be2 Bg7 7. Be3 Nf6 8. Nc3 O-O 9. O-O Nxd4 10. Bxd4 Bd7
11. b4 Bc6 12. f3 b6 13. b5 Bb7 14. a4 Nd7 15. Bxg7 Kxg7 16. Qd4+ f6 17. Nd5 Bxd5 18. exd5 Nc5 19. Bd1 Qd7 20. Bc2 Rfc8
21. g4 Nb7 22. Rae1 Na5 23. Bd3 Rc7 24. Re6 Re8 25. g5 Rf8 26. Rfe1 Rf7 27. Rxe7 Qxe7 28. Rxe7 Rcxe7 29. Qc3 Nb7 30. Kf2 Nc5
31. Bc2 Re5 32. h4 fxg5 33. hxg5 Kg8 34. Qd2 Ne4+ 35. Bxe4 Rxe4 36. Qb4 Rg4 37. Qxd6 Rxc4 38. Qb8+ Kg7 39. Qe5+ Kg8 40. d6 Rxa4
41. Qd5
1-0

[Event "The Maroczy Bind"]
[Site "SchemingMind.com"]
[Date "2006.08.25"]
[Round "-"]
[White "Louis Lima"]
[Black "mikhailtal"]
[Result "1-0"]
[WhiteCountry "ESP"]
[BlackCountry "ENG"]
[WhiteElo "1682"]
[WhiteRD "55"]
[BlackElo "1733"]
[BlackRD "69"]
[GameID "65169"]

1. e4 c5 2. Nf3 g6 3. d4 cxd4 4. Nxd4 Nc6 5. c4 Nf6 6. Nc3 d6 7. f3 Nxd4 8. Qxd4 Bg7 9. Be3 Bd7 10. Qd2 h5
11. f4 Ng4 12. Bd4 f6 13. h3 Nh6 14. Bd3 Nf7 15. b3 O-O 16. O-O-O a5 17. g4 hxg4 18. hxg4 Bxg4 19. Rdg1 Nh6 20. Rxh6 Bxh6
21. Rxg4 Kf7 22. e5 dxe5 23. Bxg6+ Ke6 24. f5+ Kd7 25. Be3+
1-0

[Event "The Maroczy Bind"]
[Site "SchemingMind.com"]
[Date "2006.08.25"]
[Round "-"]
[White "griffimv"]
[Black "mikhailtal"]
[Result "1-0"]
[WhiteCountry "INT"]
[BlackCountry "ENG"]
[WhiteElo "2265"]
[WhiteRD "73"]
[BlackElo "1742"]
[BlackRD "71"]
[GameID "65171"]

1. e4 c5 2. Nf3 g6 3. d4 cxd4 4. Nxd4 Nc6 5. c4 Nf6 6. Nc3 d6 7. Be2 Bg7 8. Be3 Bd7 9. O-O O-O 10. Qd2 Nxd4
11. Bxd4 Bc6 12. f3 a5 13. b3 Nd7 14. Be3 Nc5 15. Rab1 Qb6 16. Rfc1 Qb4 17. Nd5 Bxd5 18. cxd5 Qxd2 19. Bxd2 f5 20. exf5 Rxf5
21. g4 Re5 22. Bc4 b6 23. Bf4 Rf8 24. Bxe5 Bxe5 25. Kg2 Rf4 26. a3 Rd4 27. Rd1 Rf4 28. Bb5 Kf7 29. b4 Nb7 30. Rdc1 Rd4
31. Rc7 Rd2+ 32. Kg1 Bxh2+ 33. Kf1 Nd8 34. bxa5 bxa5 35. Rc8
1-0

[Event "The Maroczy Bind"]
[Site "SchemingMind.com"]
[Date "2006.08.30"]
[Round "-"]
[White "smozar0406"]
[Black "mikhailtal"]
[Result "0-1"]
[WhiteCountry "IND"]
[BlackCountry "ENG"]
[WhiteElo "1820"]
[WhiteRD "91"]
[BlackElo "1763"]
[BlackRD "73"]
[GameID "65263"]

1. e4 c5 2. Nf3 g6 3. d4 cxd4 4. Nxd4 Nc6 5. c4 d6 6. Be3 Bg7 7. Be2 Nf6 8. Nc3 O-O 9. O-O Bd7 10. Qd2 Ng4
11. Bxg4 Bxg4 12. Nxc6 bxc6 13. Bh6 Rb8 14. Bxg7 Kxg7 15. Qf4 Be6 16. b3 f5 17. e5 Qa5 18. Rac1 Qxe5 19. Qxe5+ dxe5 20. Rfe1 Kf6
21. h3= Rfd8 22. Rcd1 g5 23. Kf1 Bf7 24. Rxd8 Rxd8 25. Rd1 Rxd1+ 26. Nxd1 Bh5 27. Nc3 Bg6 28. Ke2 f4 29. g4 Ke6 30. Kf3 Kd6
31. Ne4+ Kc7 32. Nc3 Kb6 33. b4 a5 34. c5+ Ka6 35. a3 axb4 36. axb4 h6 37. Ke2 e4 38. Kd2 Kb7 39. Ne2 Kc7 40. Kc3 e5
41. Kd2 Bf7 42. Kc3 Bd5 43. Ng1 Kb7
0-1

[Event "The Maroczy Bind"]
[Site "SchemingMind.com"]
[Date "2006.08.27"]
[Round "-"]
[White "smozar0406"]
[Black "Ilang"]
[Result "0-1"]
[WhiteCountry "IND"]
[BlackCountry "HUN"]
[WhiteElo "1914"]
[WhiteRD "100"]
[BlackElo "2218"]
[BlackRD "73"]
[GameID "65264"]

1. e4 c5 2. Nf3 g6 3. d4 cxd4 4. Nxd4 Nc6 5. c4 Bg7 6. Be3 Nf6 7. Nc3 d6 8. Be2 O-O 9. O-O Bd7 10. h3 Nxd4
11. Bxd4 Bc6 12. Bd3 a5 13. Nd5 Nxd5 14. Bxg7 Ne3 15. fxe3 Kxg7 16. Qe2 a4 17. Rad1 Qa5 18. Qd2 Qxd2 19. Rxd2 Rfc8 20. Rdf2 f6
21. Bc2 Bd7 22. b3 axb3 23. axb3 Ra3 24. Rf3 b5
0-1

[Event "The Maroczy Bind"]
[Site "SchemingMind.com"]
[Date "2006.08.29"]
[Round "-"]
[White "smozar0406"]
[Black "KaliYuga"]
[Result "1/2-1/2"]
[WhiteCountry "IND"]
[BlackCountry "IRL"]
[WhiteElo "1916"]
[WhiteRD "94"]
[BlackElo "1936"]
[BlackRD "68"]
[GameID "65265"]

1. e4 c5 2. Nf3 g6 3. d4 cxd4 4. Nxd4 Nc6 5. c4 Bg7 6. Be3 Nf6 7. Nc3 Ng4 8. Nxc6 Nxe3 9. Nxd8 Nxd1 10. Rxd1 Kxd8
11. Rc1 b6 12. Be2 Bb7 13. f3 Rc8 14. O-O Bd4+ 15. Kh1 Ba6 16. b3 e6 17. Rfd1 Be5 18. Bf1 Ke7 19. Be2=
1/2-1/2

[Event "The Maroczy Bind"]
[Site "SchemingMind.com"]
[Date "2006.08.28"]
[Round "-"]
[White "smozar0406"]
[Black "Louis Lima"]
[Result "1/2-1/2"]
[WhiteCountry "IND"]
[BlackCountry "ESP"]
[WhiteElo "1914"]
[WhiteRD "100"]
[BlackElo "1726"]
[BlackRD "60"]
[GameID "65266"]

1. e4 c5 2. Nf3 g6 3. d4 cxd4 4. Nxd4 Nc6 5. c4 Bg7 6. Be3 Nf6 7. Nc3 Ng4 8. Nxc6 Nxe3 9. Nxd8 Nxd1 10. Rxd1 Kxd8
11. Rc1 d6 12. Be2 a6 13. O-O Bd7 14. b3 Rc8 15. Nd5 Bc6 16. Rfd1 Bxd5 17. exd5 a5=
1/2-1/2

[Event "The Maroczy Bind"]
[Site "SchemingMind.com"]
[Date "2006.08.26"]
[Round "-"]
[White "smozar0406"]
[Black "griffimv"]
[Result "0-1"]
[WhiteCountry "IND"]
[BlackCountry "INT"]
[WhiteElo "1820"]
[WhiteRD "91"]
[BlackElo "2299"]
[BlackRD "74"]
[GameID "65268"]

1. e4 c5 2. Nf3 g6 3. d4 cxd4 4. Nxd4 Nc6 5. c4 Nf6 6. Be3 Bg7 7. Nc3 Ng4 8. Nxc6 Nxe3 9. Nxd8 Nxd1 10. Rxd1 Kxd8
11. Rc1 d6 12. Be2 Be6 13. Nd5 Bxb2 14. Rb1 Bxd5 15. exd5 Bc3+ 16. Kd1 b6 17. Kc2 Bg7 18. Rhe1 Rc8 19. Kd3 Rc7 20. Rec1= e5
21. Rc2 Re8 22. Rb5 e4+ 23. Kd2 Bd4 24. Ke1 f5 25. Rb3 f4 26. Kf1 e3 27. fxe3 fxe3 28. Rd3 Rf7+ 29. Bf3 Bc5 30. Re2 Rf4
31. Rc3 g5
0-1

[Event "The Maroczy Bind"]
[Site "SchemingMind.com"]
[Date "2006.08.26"]
[Round "-"]
[White "mikhailtal"]
[Black "smozar0406"]
[Result "1-0"]
[WhiteCountry "ENG"]
[BlackCountry "IND"]
[WhiteElo "1733"]
[WhiteRD "68"]
[BlackElo "1914"]
[BlackRD "100"]
[GameID "65269"]

1. e4 c5 2. Nf3 g6 3. d4 cxd4 4. Nxd4 Nc6 5. c4 Bg7 6. Be3 Nf6 7. Nc3 d6 8. Be2 O-O 9. O-O e5 10. Ndb5 Ne8
11. Nd5 a6 12. Bb6 Qd7 13. Nbc7 Nxc7 14. Nxc7 Rb8 15. Re1 Nd4 16. Bf1 Ne6 17. Nd5 Re8 18. g3 Nc5 19. a4 Qc6 20. b4
1-0

[Event "The Maroczy Bind"]
[Site "SchemingMind.com"]
[Date "2006.08.26"]
[Round "-"]
[White "Ilang"]
[Black "smozar0406"]
[Result "1-0"]
[WhiteCountry "HUN"]
[BlackCountry "IND"]
[WhiteElo "2218"]
[WhiteRD "73"]
[BlackElo "1914"]
[BlackRD "100"]
[GameID "65270"]

1. e4 c5 2. Nf3 g6 3. d4 cxd4 4. Nxd4 Nc6 5. c4 Bg7 6. Be3 Nf6 7. Nc3 O-O 8. Be2 d6 9. O-O Bd7 10. Qd2 Re8
11. f3 Rc8 12. Rfd1 Ne5 13. b3 a6 14. Nd5 Nxd5 15. cxd5 e6 16. f4 exd5 17. fxe5 dxe5 18. Nf3 d4 19. Bg5 Qb6 20. Rac1 Bg4
21. Bh4 Rc3 22. Bf2 Rxc1 23. Rxc1 Bxf3 24. Bxf3 Qd6 25. Rc2 Bf8 26. Be2 Rd8 27. Bd3 Qd7 28. Qa5 Rc8 29. Rxc8 Qxc8 30. Qxe5
1-0

[Event "The Maroczy Bind"]
[Site "SchemingMind.com"]
[Date "2006.08.26"]
[Round "-"]
[White "KaliYuga"]
[Black "smozar0406"]
[Result "0-1"]
[WhiteCountry "IRL"]
[BlackCountry "IND"]
[WhiteElo "1894"]
[WhiteRD "66"]
[BlackElo "1847"]
[BlackRD "101"]
[GameID "65271"]

1. e4 c5 2. Nf3 g6 3. d4 cxd4 4. Nxd4 Nc6 5. c4 Bg7 6. Be3 Nf6 7. Nc3 d6 8. Be2 O-O 9. O-O e5 10. Nxc6 bxc6
11. b4 a6 12. c5 d5 13. exd5 cxd5 14. Bg5 Be6 15. Rc1 d4 16. Ne4 Bd5 17. Nd6 Qd7 18. Bxf6 Bxf6 19. Bf3 Bxf3 20. Qxf3 Be7
21. Qd5 Rad8 22. f4 exf4 23. Rxf4 Bxd6 24. cxd6 Qxd6 25. Qxd6 Rxd6 26. Rd1 d3 27. a4 Re8 28. Rd2 f5 29. Rf3 Re4 30. b5 Rxa4
31. bxa6 Raxa6 32. Rfxd3 Rxd3 33. Rxd3 Re6 34. Kf2 Kf7 35. Re3 Kf6 36. h4 Rxe3 37. Kxe3 Ke5 38. Kf3 h6 39. Ke3 g5 40. hxg5 hxg5
41. g3 g4 42. Ke2 Ke4 43. Kf2 Kd3
0-1

[Event "The Maroczy Bind"]
[Site "SchemingMind.com"]
[Date "2006.08.26"]
[Round "-"]
[White "griffimv"]
[Black "smozar0406"]
[Result "1-0"]
[WhiteCountry "INT"]
[BlackCountry "IND"]
[WhiteElo "2232"]
[WhiteRD "78"]
[BlackElo "1891"]
[BlackRD "97"]
[GameID "65274"]

1. e4 c5 2. Nf3 g6 3. d4 cxd4 4. Nxd4 Nc6 5. c4 Bg7 6. Be3 Nf6 7. Nc3 O-O 8. Be2 d6 9. O-O Bd7 10. Qd2 Re8
11. f3 e5 12. Ndb5 Be6 13. Nd5 Bxd5 14. cxd5 Ne7 15. Rfc1 Rf8 16. Nxa7
1-0

[Event "The Maroczy Bind"]
[Site "SchemingMind.com"]
[Date "2006.08.30"]
[Round "-"]
[White "Alejandro Ramirez"]
[Black "mikhailtal"]
[Result "0-1"]
[WhiteCountry "CRC"]
[BlackCountry "ENG"]
[WhiteElo "1616"]
[WhiteRD "117"]
[BlackElo "1733"]
[BlackRD "68"]
[GameID "65388"]

1. e4 c5 2. Nf3 g6 3. d4 cxd4 4. Nxd4 Nc6 5. c4 d6 6. Nc3 Bg7 7. Be3 Nf6 8. Be2 O-O 9. O-O Bd7 10. f4 Nxd4
11. Bxd4 Bc6 12. Bf3 Nd7 13. Bxg7 Kxg7 14. Kh1 Qb6 15. Qe2 Rac8 16. Rae1 Rc7 17. e5 Bxf3 18. Rxf3 dxe5 19. Nd5 Qc6 20. Nxc7 Qxc7
0-1

[Event "The Maroczy Bind"]
[Site "SchemingMind.com"]
[Date "2006.08.27"]
[Round "-"]
[White "Alejandro Ramirez"]
[Black "Ilang"]
[Result "0-1"]
[WhiteCountry "CRC"]
[BlackCountry "HUN"]
[WhiteElo "1616"]
[WhiteRD "117"]
[BlackElo "2218"]
[BlackRD "73"]
[GameID "65389"]

1. e4 c5 2. Nf3 g6 3. d4 cxd4 4. Nxd4 Nc6 5. c4 Bg7 6. Nxc6 bxc6 7. Nc3 Rb8 8. Qc2 Be5 9. Be2 Nf6 10. f4 Bxc3+
11. Qxc3 O-O 12. f5 Qb6 13. c5 Qb4 14. Qxb4 Rxb4 15. e5 Nd5 16. Bf3 Rb5 17. a3= Rxc5 18. b4 Rc3 19. Bh6 Rd8
0-1